John Fitch papers, (Record no. 40514)

MARC details
000 -LEADER
fixed length control field 01011cpcaa2200289 4500
001 - CONTROL NUMBER
control field mm 79000628
003 - CONTROL NUMBER IDENTIFIER
control field DLC
005 - DATE AND TIME OF LATEST TRANSACTION
control field 20260227111633.0
008 - FIXED-LENGTH DATA ELEMENTS--GENERAL INFORMATION
fixed length control field 790521|||||||||||| eng
010 ## - LIBRARY OF CONGRESS CONTROL NUMBER
LC control number mm 79000628
040 ## - CATALOGING SOURCE
Original cataloging agency DLC
Transcribing agency DLC
Description conventions dacs
Modifying agency DLC
072 #7 - SUBJECT CATEGORY CODE
Subject category code S
Source lcmd
100 1# - MAIN ENTRY--PERSONAL NAME
Personal name Fitch, John,
Dates associated with a name 1743-1798.
245 00 - TITLE STATEMENT
Title John Fitch papers,
Inclusive dates 1764-1963.
300 ## - PHYSICAL DESCRIPTION
Extent 21
Type of unit items.
506 0# - RESTRICTIONS ON ACCESS NOTE
Terms governing access Open to research.
533 ## - REPRODUCTION NOTE
Type of reproduction In part, positive photocopies and typewritten transcripts.
545 0# - BIOGRAPHICAL OR HISTORICAL DATA
Biographical or historical data Inventor and steamboat developer.
546 ## - LANGUAGE NOTE
Language note Collection material in English.
580 ## - LINKING ENTRY COMPLEXITY NOTE
Linking entry complexity note Forms part of: Miscellaneous Manuscripts collection.
656 #7 - INDEX TERM--OCCUPATION
Occupation Inventors.
Source of term itoamc
656 #7 - INDEX TERM--OCCUPATION
Occupation Steamboat developers.
Source of term itoamc

No items available.

Powered by Koha